Actas de las Cortes de Navarra (Record no. 12586)
[ view plain ]
| 000 -LEADER | |
|---|---|
| campo de control de longitud fija | 01013nam a2200217 i 4500 |
| 001 - NÚMERO DE CONTROL | |
| campo de control | 12586 |
| 003 - IDENTIFICADOR DE NÚMERO DE CONTROL | |
| campo de control | ES-MaACL |
| 005 - FECHA Y HORA DE LA ÚLTIMA TRANSACCIÓN | |
| campo de control | 20230906150343.0 |
| 007 - CAMPO FIJO DE DESCRIPCIÓN FÍSICA--INFORMACIÓN GENERAL | |
| campo de control de longitud fija | t| |
| 008 - DATOS DE LONGITUD FIJA--INFORMACIÓN GENERAL | |
| campo de control de longitud fija | 931123m19911996sp |||| | spa j |
| 020 ## - NÚMERO INTERNACIONAL ESTÁNDAR DEL LIBRO | |
| Número Internacional Estándar del Libro | 84-87460-03-8 |
| 080 ## - NÚMERO DE LA CLASIFICACIÓN DECIMAL UNIVERSAL | |
| Número de la Clasificación Decimal Universal | 328(460.16)"15/18" |
| 110 1# - ENTRADA PRINCIPAL--NOMBRE DE ENTIDAD CORPORATIVA | |
| Nombre de entidad corporativa o nombre de jurisdicción como elemento de entrada | Navarra (Reino). |
| Unidad subordinada | Cortes. |
| 9 (RLIN) | 5988 |
| 245 10 - MENCIÓN DEL TÍTULO | |
| Título | Actas de las Cortes de Navarra |
| Resto del título | : (1530-1829). |
| 260 ## - PUBLICACIÓN, DISTRIBUCIÓN, ETC. | |
| Lugar de publicación, distribución, etc. | Pamplona : |
| Nombre del editor, distribuidor, etc. | Servicio de Publicaciones del Parlamento de Navarra, |
| Fecha de publicación, distribución, etc. | 1991-1996. |
| 300 ## - DESCRIPCIÓN FÍSICA | |
| Extensión | 16 v. ; |
| Dimensiones | 31 cm. |
| 500 ## - NOTA GENERAL | |
| Nota general | Índices. |
| 505 8# - NOTA DE CONTENIDO CON FORMATO | |
| Nota de contenido con formato | Contiene: Libro 1: 1530-1608 - Libro 2: 1611-1642 - Libro 3: 1644-1662 - Libro 4: 1677-1685 - Libro 5: 1688-1709 - Libro 6: 1716-1717 - Libro 7: 1724-1726 - Libro 8: 1743-1744 - Libro 9: 1757 - Libro 10: 1765-1766 - Libros 11 y 12: 1780-1781 (1 v.) - Libro 13: 1794 - Libro 14: 1795 - Libros 15 y 16: 1795-1801 (1 v.) - Libros 17 y 18: 1817-1818 (1 v.) - Libro 19: 1828-1829 |
| 610 17 - PUNTO DE ACCESO ADICIONAL DE MATERIA--NOMBRE DE ENTIDAD CORPORATIVA | |
| Nombre de entidad corporativa o nombre de jurisdicción como elemento de entrada | Navarra (Reino). |
| Unidad subordinada | Cortes- |
| Subdivisión de forma | Historia. |
| 9 (RLIN) | 169375 |
| 852 ## - LOCALIZACIÓN | |
| Ubicación | ES-MaACL |
| Número de control de estantería | L-19817-32 |
| Estatus retirado | Estado de pérdida | Estado de daño | No para préstamo | Biblioteca de origen | Biblioteca actual | Ubicación en estantería | Fecha de adquisición | Fuente de adquisición | Total de préstamos | Signatura topográfica completa | Código de barras | Visto por última vez | Precio de reemplazo | Tipo de ítem Koha |
|---|---|---|---|---|---|---|---|---|---|---|---|---|---|---|
| Biblioteca del Ateneo de Madrid | Biblioteca del Ateneo de Madrid | Depósito 2 | 17/01/2008 | L-19817-32 | 1012822 | 23/02/2023 | 23/02/2023 | Libro impreso |
